000 01204cam a2200325 i 4500
001 1743781
003 OSt
005 20230619113625.0
008 760114r1976 ctu b 001 0 eng
010 _a 75014599
020 _a0837182166
040 _aDLC
_cDLC
_dDLC
043 _af------
050 1 0 _aGN645
_b.M3 1976
082 0 0 _a301.29/6
_bMAL
100 1 _aMalinowski, Bronislaw,
_d1884-1942.
245 1 4 _aThe dynamics of culture change :
_ban inquiry into race relations in Africa /
_cby Bronislaw Malinowski ; edited, with a new introd., by Phyllis M. Kaberry.
260 _aWestport, Conn. :
_bGreenwood Press,
_c1976, c1961.
300 _axiii, 171 p. ;
_c23 cm.
500 _aReprint of the ed. published by Yale University Press, New Haven, as Y-47 of A Yale paperbound.
500 _aIncludes index.
504 _aBibliography: p. [163]-165.
650 0 _aEthnology
_zAfrica.
650 0 _aSocial change.
650 0 _aAcculturation
_zAfrica.
650 0 _aIndigenous peoples
_zAfrica.
856 4 2 _3Contributor biographical information
_uhttp://www.loc.gov/catdir/enhancements/fy1510/75014599-b.html
906 _a7
_bcbc
_corignew
_d1
_eocip
_f19
_gy-gencatlg
942 _2ddc
_cBK
999 _c1248
_d1248